[Event "Sarajevo Bosna op 48th"]
[Site "Sarajevo"]
[Date "2018.05.11"]
[Round "9"]
[White "Fejzic, Danis"]
[Black "Beslija, Hana"]
[Result "1/2-1/2"]
[WhiteElo "1460"]
[BlackElo "1129"]
[PlyCount "24"]
[EventDate "2018.05.05"]
[EventType "swiss"]
[EventRounds "9"]
[EventCountry "BIH"]
[SourceTitle "CBM 184 Extra"]
[Source "ChessBase"]
[SourceDate "2018.06.28"]
[SourceVersion "1"]
[SourceVersionDate "2018.06.28"]
[SourceQuality "1"]

1. e4 e5 2. Nf3 Nf6 3. Nxe5 d6 4. Nf3 Nxe4 5. d3 Nf6 6. Be2 Nc6 7. 0-0 g6 8. Bg5 Bg7 9. Nc3 Bg4 10. Qd2 Bxf3 11. Bxf3 Nd4 12. Qe3+ Ne6 1/2-1/2